| 000 | 00825nam a2200229 a 4500 | ||
|---|---|---|---|
| 999 |
_c12209 _d12209 |
||
| 001 | 12209 | ||
| 003 | BD-JhCC | ||
| 005 | 20210323132402.0 | ||
| 008 | 190630s2020 bg a|||| |||| 000 0 mul d | ||
| 020 | _a9789848042120 | ||
| 035 | _a(BD-JhCC)12209 | ||
| 040 |
_aBD-JhCC _dBD-JhCC |
||
| 041 | _amul | ||
| 082 |
_a005.133 _bRAH 2020 |
||
| 100 | _aরহমান, আ ন ম বজলুর | ||
| 245 |
_aজাভা ওয়েব প্রোগ্রামিং / _cআ ন ম বজলুর রহমান । |
||
| 260 |
_aঢাকা : _bদ্বিমিক প্রকাশনী, _c২০২০. |
||
| 300 |
_a৩৪৪ পৃ. : _bচিত্রবলী সংযোজিত, _c২৩ সেমি. |
||
| 650 | _aJava (Computer program language) | ||
| 942 |
_2ddc _cBK _02 |
||